000 00420nam a2200157Ia 4500
003 Ost
005 20260225132600.0
008 260225s9999||||xx |||||||||||||| ||und||
040 _cfsic
041 _afre
082 _a70.4
100 _aSpringinesfeld;Busch، Ségoléne
_eAuteur
245 0 _aDictionnaire de l informatique et de l internet 2001 /
245 0 _cSpringinesfeld;Busch، Ségoléne
942 _cكتاب
999 _c34711
_d34711